The boy who harnessed the wind / (Record no. 50307)
| 000 -LEADER | |
|---|---|
| fixed length control field | 00544nam a2200157 4500 |
| 020 ## - INTERNATIONAL STANDARD BOOK NUMBER | |
| International Standard Book Number | 9780147510426 |
| 100 ## - MAIN ENTRY--PERSONAL NAME | |
| Personal name | Kamkwamba, William. |
| 9 (RLIN) | 87312 |
| 245 ## - TITLE STATEMENT | |
| Title | The boy who harnessed the wind / |
| Statement of responsibility, etc | William Kamkwamba. |
| 260 ## - PUBLICATION, DISTRIBUTION, ETC. (IMPRINT) | |
| Place of publication, distribution, etc | New York: |
| Name of publisher, distributor, etc | Rocky Pond Books; |
| Date of publication, distribution, etc | 2023. |
| 300 ## - PHYSICAL DESCRIPTION | |
| Extent | 293 p. |
| Other physical details | illustrations. |
| Dimensions | 20 cm. |
| 650 ## - SUBJECT ADDED ENTRY--TOPICAL TERM | |
| Topical term or geographic name as entry element | Windmill. Recycling. Reinvention. Community life. |
| Geographic subdivision | Malawi. |
| 9 (RLIN) | 87313 |
| 650 ## - SUBJECT ADDED ENTRY--TOPICAL TERM | |
| Topical term or geographic name as entry element | Resilience and survival. |
| 9 (RLIN) | 87314 |
| 700 ## - ADDED ENTRY--PERSONAL NAME | |
| Personal name | Bryan Mealer. |
| 9 (RLIN) | 87315 |
| 700 ## - ADDED ENTRY--PERSONAL NAME | |
| Relator code | illustrator. |
| Personal name | Anna Hymas. |
| 9 (RLIN) | 87316 |
| 942 ## - ADDED ENTRY ELEMENTS (KOHA) | |
| Source of classification or shelving scheme | |
| Koha item type | NON FIC SECTION |
| Withdrawn status | Lost status | Source of classification or shelving scheme | Damaged status | Not for loan | Collection code | Home library | Current library | Date acquired | Total Checkouts | Full call number | Barcode | Date last seen | Price effective from | Koha item type |
|---|---|---|---|---|---|---|---|---|---|---|---|---|---|---|
| Non-Fiction | Asian Hope Secondary Library | Asian Hope Secondary Library | 03/25/2026 | B 621.453 KAM | 210984 | 03/25/2026 | 03/25/2026 | NON FIC SECTION |